| 000 | 00823nam a2200229Ii 4500 | ||
|---|---|---|---|
| 003 | JO-AjNU | ||
| 008 | 230605s9999||||xx |||||||||||||| ||und|| | ||
| 017 | _a2005/3840 | ||
| 020 | _a977-358-088-1 | ||
| 040 |
_aJO-AjNU _bara _erda _cJO-AjNU |
||
| 041 | _aara | ||
| 050 | 1 | 4 | _aK579.2005 |
| 100 | 3 |
_a الزين ، عزرى , _eauthor _934497 |
|
| 245 | 0 | 0 | _aقرارات العمران الفردية وطرق الطعن فيها / دراسة في التشريع الجزائري مدعمة بأحدث قرارات مجلس الدولة |
| 250 | _aط1 | ||
| 264 | 3 | 1 | _aالقاهرة : دار الفجر ، 2005 |
| 300 | _a140ص | ||
| 336 |
_atext _btxt _2rdacontent |
||
| 337 |
_aunmediated _bn _2rdamedia |
||
| 338 |
_avolume _bnc _2rdacarrier |
||
| 650 | 4 |
_aالعمران -- قانون -- الجزائر _934498 |
|
| 999 |
_aA14151 _c17719 _d17719 |
||